Statistics for Countries By Most Similar Country Name

Click here to take the quiz!

General Stats

  • This quiz has been taken 46 times
  • The average score is 7 of 21

Answer Stats

CountryDistanceMost Similar Country% Correct
Iran1Iraq
100%
Libya3Cuba / Kenya / Liberia
60%
China2Chile / Ghana
58%
South Africa4Costa Rica / South Korea
56%
Mali2Malawi / Malta
47%
Mauritania4Mauritius
47%
Algeria2Nigeria
44%
Canada2Panama
38%
Tanzania3Albania
36%
Argentina3Armenia
36%
Peru3Nauru / Palau
33%
Mongolia3Angola
31%
Equatorial Guinea9Australia / Papua New Guinea
27%
Mozambique5Zambia
27%
Pakistan3Tajikistan
24%
Mexico3Monaco
22%
Somalia2Romania
18%
India3Syria
16%
Ethiopia4Estonia
13%
Venezuela5Senegal
4%
Burkina Faso6Suriname
2%

Score Distribution

Percentile by Number Answered

Percent of People with Each Score

Your Score History

You have not taken this quiz